Producción y consumo de energía en Chile 1977
Saved in:
| Institution som forfatter: | |
|---|---|
| Format: | Bog |
| Sprog: | spansk |
| Udgivet: |
Santiago
ENDESA
1977
|
| Fag: | |
| Tags: |
Tilføj Tag
Ingen Tags, Vær først til at tagge denne postø!
|
MARC
| LEADER | 00000nam a2200000 a 4500 | ||
|---|---|---|---|
| 001 | UCU3978 | ||
| 003 | CL-VaPUC | ||
| 008 | 960517e19770000cl |||||||||||||||||spa|d | ||
| 082 | 0 | 4 | |a 621.3 |b END |2 21 |
| 110 | 2 | |a ENDESA |e author |9 361259 | |
| 245 | 1 | 0 | |a Producción y consumo de energía en Chile 1977 |
| 300 | |a 108 p | ||
| 942 | |c BK | ||
| 945 | |d 19960517 00:00:00 |a cmena | ||
| 260 | |a Santiago |b ENDESA |c 1977 | ||
| 600 | 0 | 7 | |a ENDESA |2 CL-VaPUC |9 361259 |
| 650 | 0 | |a Producción |9 263680 | |
| 650 | 0 | |a Sector servicios |9 359061 | |
| 650 | 0 | |a Electricidad |9 260222 | |
| 650 | 0 | |a Industria eléctrica |9 353482 | |
| 650 | 7 | |a TECNOLOGIA ELECTRICA |2 CL-VaPUC |9 336952 | |
| 650 | 7 | |a INGENIEROS ELECTRICISTAS |2 CL-VaPUC |9 361260 | |
| 650 | 7 | |a CENTRALES HIDROELECTRICAS |2 CL-VaPUC |9 263331 | |
| 650 | 7 | |a PRESAS |2 CL-VaPUC |9 326073 | |
| 650 | 0 | |a Energía hidroeléctrica |9 361182 | |
| 650 | 7 | |a CONSUMO DE ENERGIA |2 CL-VaPUC |9 271590 | |
| 650 | 0 | |a Condiciones económicas |9 258255 | |
| 651 | 7 | |a CHILE |2 CL-VaPUC |9 361261 | |
| 583 | |a last modification |c 20171011 02:25:44 |k Rodrigo Vera | ||
| 999 | |c 247818 |d 247816 | ||
| 952 | |0 0 |1 0 |4 0 |6 621_300000000000000_END_1977 |7 0 |8 A |9 263998 |a BIBING |b BIBING |d 2019-11-19 |i 166056K |o 621.3 END 1977 |p 166056K |r 2025-01-20 |w 2019-11-19 |y BK |k CCL | ||